Highest Overalls in College football 25 - Statistics

General Stats
  • This quiz has been taken 14 times
  • The average score is 8 of 26
Answer Stats
Hint Answer % Correct
95 Travis Hunter
83%
96 Will Johnson
75%
93 Carson Beck
58%
93 Emeka Egbuka
58%
93 Shedeur Sanders
58%
96 Ollie Gordon
42%
94 Tetairoa McMillan
42%
94 Luther Burden
33%
95 Mason Graham
33%
93 Omarion Hampton
33%
95 Quinshon Judkins
33%
94 Barret Carter
25%
95 Caleb Downs
25%
95 Malaki Starks
25%
93 Deone Walker
17%
95 James pearce jr
17%
93 Jayden Ott
17%
94 Kelvin Banks jr
17%
93 Mykel Williams
17%
93 Treveyon Henderson
17%
93 Walter Nolen
17%
94 Aireontae Esery
8%
94 Benjamin Morrison
8%
94 Jay Higgins
8%
95 Tate Ratledge
8%
96 Will Campbell
8%
No matching quizzes found
Score Distribution
Percent of People with Each Score
Percentile by Number Answered
Your Score History
You have not taken this quiz